Pracovný zošit k Čítanke pre 3. ročník základných škôl

Bibliographic Details
Main Authors: Štefeková, Kamila (Author), Benková, Soňa (Author), Kolmóssyová, Helena (Author), Pavlovič, Jozef, 1934-2020 (Author)
Other Authors: Valko, Alexander (Illustrator)
Format: Book
Language:Slovak
PhysicalDescription:64 s. ilustr. 30 cm
Published: Bratislava Orbis Pictus Istropolitana 2003
ISBN:8071584347
Edition:[1. vyd.]
Subjects:

MARC

LEADER 00000nam a2200000 a 4500
001 vtls001454162
003 SK-MaSNL
005 20260302035957.0
008 240226s2003 xo a g 000 yyslo
015 |a SNBA2004/04-01424 
020 |a 8071584347 
035 |a SNK000409469 
035 |a urn:nbn:sk:snk-amlrxp 
035 |a urn:nbn:sk:snk-am00c9lj 
035 |a 74C430F3-C390-45F7-94D0-63503F8DFCC2 
040 |a SNK  |b slo  |c SNK  |e AACR2 
041 0 |a slo 
044 |a xo  |c SK 
072 7 |a 82  |x Literatúra. Literárny život  |2 konspekt 
080 |a 37.016:028-028.31(075.2)(076.5)  |2 2. slo 
080 |a 82.0  |2 1981 
080 |a (075.2)  |2 1981 
080 |a (076.1)  |2 1981 
245 0 |a Pracovný zošit k Čítanke pre 3. ročník základných škôl  |c [autori Kamila Štefeková... [et al.] ; ilustroval Alexander Valko] 
250 |a [1. vyd.] 
260 |a Bratislava  |b Orbis Pictus Istropolitana  |c 2003 
300 |a 64 s.  |b ilustr.  |c 30 cm 
500 |a Ilustr. na tit. strane 
500 |a Údaj o aut. a ilustr. prevzatý z front. 
650 0 7 |a čítanie  |x učebnice zákl. škôl (3. roč.)  |x zošity pracovné  |2 SNK  |9 294147 
650 0 7 |a literárna výchova  |2 SNK  |9 1653 
650 0 7 |a učebnice  |2 SNK  |9 74147 
655 7 |a čítanky  |2 SNK  |9 60817 
655 7 |a učebnice základných škôl  |2 SNK  |9 70187 
655 7 |a pracovné zošity  |2 SNK  |9 70188 
700 1 |a Štefeková, Kamila  |4 aut  |9 47240 
700 1 |a Benková, Soňa  |4 aut  |9 5017 
700 1 |a Kolmóssyová, Helena  |4 aut  |9 689673 
700 1 |a Pavlovič, Jozef,  |d 1934-2020  |4 aut  |9 200363 
700 1 |a Valko, Alexander  |4 ill  |9 294148 
919 |a 80-7158-434-7 
968 |d 37 
999 |c 1072872  |d 1074802 
952 |t P60, <03>, [BOOK], {603}  |a SNK  |b SNK  |y PREZ  |7 0  |p 17A0384900  |o snkSB 66732  |i snkKSP 6439/2003  |0 0  |1 0  |4 0  |d 2003-05-28  |f 1  |l 0  |r 2025-04-23 00:00:00  |w 2026-02-24 
952 |t P60, <04>, [BOOK], {604}  |a SNK  |b SNK  |y VYP  |7 0  |p 17A0384899  |o snkSB 66732 D1  |i snkKSP 6440/2003  |0 0  |1 0  |4 0  |d 2003-05-28  |l 0  |r 2005-01-02 00:00:00  |w 2026-02-24